Επιλεγμένα θέματα διαχείρισης περιβάλλοντος
Saved in:
| Other Authors: | , |
|---|---|
| Format: | Book |
| Language: | Greek |
| Published: |
Θεσσαλονίκη :
Μουσείο Γουλανδρή Φυσικής Ιστορίας,
1995
|
| Subjects: | |
| Tags: |
Add Tag
No Tags, Be the first to tag this record!
|
MARC
| LEADER | 00000nam a2200000 i 4500 | ||
|---|---|---|---|
| 001 | 1/17435 | ||
| 008 | 010221s1995 gre d | ||
| 020 | |a 960-85193-4-9 | ||
| 035 | |l 10066136 | ||
| 040 | |a GR-MY-UA |b gre |e aacr | ||
| 041 | 0 | |a gre | |
| 082 | 0 | |a 363.7 | |
| 245 | 1 | 0 | |a Επιλεγμένα θέματα διαχείρισης περιβάλλοντος / |c επιμέλεια έκδοσης Μάρκος Μποναζούντας ; επιμέλεια κειμένων Αλεξάνδρα Κατσαϊτη |
| 260 | |a Θεσσαλονίκη : |b Μουσείο Γουλανδρή Φυσικής Ιστορίας, |c 1995 | ||
| 300 | |a 822 σ. |b εικ., σχημ. | ||
| 504 | |a Περιλαμβάνει βιβλιογραφία | ||
| 650 | 0 | 0 | |a Environmental management. |
| 650 | 0 | 0 | |a Environmental protection. |
| 650 | 0 | 0 | |a Pollution |x Environmental aspects. |
| 650 | 0 | 0 | |a Environmental policy. |
| 650 | 0 | 0 | |a Sanitary engineering. |
| 700 | 1 | |a Μποναζούντας, Μ. |4 edt | |
| 700 | 1 | |a Κατσαϊτη, Αλεξάνδρα. |4 edt | |
| 852 | |a INST |b RHODES |e 20010221 |h 363.7 ΕΠΙ |p 005400017233 |q 005400017233 |t BK |y 4 |x 20200221 | ||
| 901 | |a BIBL4-2001-1 | ||
| 909 | |a Ρ |b 084103 | ||
| 922 | |a 4ΕΛΗ |b 200012 |c ΚΠΣ/ΔΕ |d ΠΑΠΑΣΩΤΗΡΙΟΥ | ||
| 950 | |a 095-2000-07-06 | ||
| 970 | |a ΧΟΡΟΖΙΔΟΥ |b ΤΖΕΝΗ |z 2001/02/21 | ||